Statystyki dla KTO CZĘSTO BYWA TEMATEM DOWCIPÓW?

Kliknij tutaj aby rozwiązać quiz!

Ogólne statystyki

  • Ten quiz został rozwiązany 72 razy
  • Średni wynik to 2 z 5

Statystyki odpowiedzi

Odpowiedź% Poprawnych
BLONDYNKA
84%
JASIU
42%
TEŚCIOWA
33%
BACA
16%
POLICJANT
16%

Rozkład punktacji

Percentyl według liczby udzielonych odpowiedzi

Procent ludzi z każdym wynikiem

Twoja historia wyników

Nie rozwiązałeś tego quizu